000
00265nam a2200109Ia 4500
999
_c
9142
_d
9142
020
_a
0-07-114849-3
100
_a
William B. Werther
245
0
_a
Human Resources and Personal Management
260
_a
New Delhi
_b
Bantam Books Inc
_c
2002
300
_a
561
942
_c
BK